The traveller's guide and the country's safety. : Being a declaration of the laws of England against high-way-men or robbers upon the road : what is necessary and requisite to be done by such persons as are robbed in order to the recovering their damages : against whom they are to bring their action and the manner how it ought to be brought. : Illustrated with variety of law cases, historical remarks, customs, usages, antiquities and authentick authorities. /

Bibliographic Details
Main Author: J. M.
Format: eBook
Language:English
Published: London : Printed for L.C. and T.S. and to be sold by D. Brown ... and J. Walthoe ..., 1692.
Series:Early English books online.
Subjects:
Online Access:Connect to the full text of this electronic book

MARC

Tag First Indicator Second Indicator Subfields
LEADER 00000nam a2200000Ia 4500
001 in00004329721
005 20200812090527.0
006 m g d
007 cr bn |||a|bb|
008 020404s1692 enk o 000 0 eng d
035 |a (OCoLC)49520939 
040 |a EAE  |c EAE  |e dcrb 
037 |a CL0037000114  |b Bell & Howell Information and Learning, 300 N. Zeeb Rd., Ann Arbor, MI 48106-1346 
043 |a e-uk--- 
090 |a HV6453.G7  |b M1 
049 |a UMIA 
100 0 |a J. M. 
245 1 4 |a The traveller's guide and the country's safety. :  |b Being a declaration of the laws of England against high-way-men or robbers upon the road : what is necessary and requisite to be done by such persons as are robbed in order to the recovering their damages : against whom they are to bring their action and the manner how it ought to be brought. : Illustrated with variety of law cases, historical remarks, customs, usages, antiquities and authentick authorities. /  |c By J.M. 
260 |a London :  |b Printed for L.C. and T.S. and to be sold by D. Brown ... and J. Walthoe ...,  |c 1692. 
300 |a 1 online resource ([10], 127, [5] pages) 
336 |a text  |b txt  |2 rdacontent 
337 |a computer  |b c  |2 rdamedia 
338 |a online resource  |b cr  |2 rdacarrier 
500 |a Advertisements: [5] pages at end. 
500 |a Reproduction of original in: Llyfrgell Genedlaethol Cymru/National Library of Wales. 
510 4 |a Wing (2nd edition)  |c M50A 
533 |a Electronic reproduction.  |b Ann Arbor, Mich. :  |c UMI,  |d 1999-  |f (Early English books online)  |n Digital version of: (Early English Books, 1641-1700 ; 2672:6)  |7 s1999 miun s 
650 0 |a Travel  |v Early works to 1800. 
650 0 |a Brigands and robbers  |x Law and legislation  |z Great Britain. 
830 0 |a Early English books online. 
856 4 0 |u http://proxy.library.tamu.edu/login?url=https://search.proquest.com/docview/2240901034  |z Connect to the full text of this electronic book  |t 0 
999 f f |s 22a0f0ba-8ae8-3c02-8ac8-c5b3703de54c  |i 332eea7a-e24b-313f-9967-2aa8765ba084  |t 0 
952 f f |a Texas A&M University  |b College Station  |c Electronic Resources  |d Available Online  |t 0  |e HV6453.G7 M1  |h Library of Congress classification 
998 f f |a HV6453.G7 M1  |t 0  |l Available Online